000
00343nam a22001457a 4500
008
210226b ||||| |||| 00| 0 eng d
020
_a
9780130497840
041
_a
eng
080
_a
070
082
_a
070
100
_a
39
101
_a
MED
245
_a
Guide to Cross-Cultural Communication
_c
Reynolds, S & Valentine, D
942
_2
udc
_c
BK
999
_c
55297
_d
55297